000 00792nam a22002177a 4500
003 OSt
005 20250730012155.0
008 250730b |||||||| |||| 00| 0 eng d
040 _aDWCL-Main lib
_cOC
082 _aFil. 370.1 L641 2004
100 _aLim, Jaime An
245 _aLessons : Metrobank Foundation Outstanding Teachers :
_bshare stories of hope, successes, and inspiration/
_cJaime An Lim
260 _aMakati City, Phils. :
_bNetwork of Outstanding Teachers and Educators (NOTED),
_c2004.
300 _a xiv, 88 pages ;
_c18 cm.
650 _a1. Education--Philippines--Public opinion.
650 _a2. Conduct of life.
650 _a3. Change (Psychology).
650 _a4. . Hope.
650 _a5. Teachers--Philippines--Successes.
942 _2ddc
_cBK - FIL
_kFil.
_n0
999 _c3874
_d3874